000
00325nam a2200133Ia 4500
008
100328s9999 xx 000 0 und d
082
_b
19521
100
_a
बोराडे रा.रं.
245
_a
वरात
260
_b
प्रपंच
630
_a
वरात
730
_a
वरात
942
_c
BOOK
999
_c
513825
_d
513822